Normal view
MARC view
- Duncan, James K.
Entry Personal Name
001 - CONTROL NUMBER
- control field: 20960
003 - CONTROL NUMBER IDENTIFIER
- control field: OSt
005 - DATE AND TIME OF LATEST TRANSACTION
- control field: 20110307165850.0
008 - FIXED-LENGTH DATA ELEMENTS
- fixed length control field: 110307|||a|||||| | ||| d
040 ## - CATALOGING SOURCE
- Original cataloging agency: OSt
- Transcribing agency: OSt
100 ## - HEADING--PERSONAL NAME
- Personal name: Duncan, James K.
670 ## - SOURCE DATA FOUND
- Source citation: Work cat.: (OSt): Hough, John Burr 20959, Teaching, 1970
670 ## - SOURCE DATA FOUND
- Source citation: Work cat.: (OSt): Hough, John Burr 20959, Teaching, 1970
